00000000nam 2200000za 4500
0019.840563
003CaOODSP
00520221107151856
007cr |||||||||||
008170727s2017    oncabdo#ob   f000 0 fre d
020 |a978-0-660-09210-2
040 |aCaOODSP|bfre
043 |an-cn---
0861 |aCW69-14/461-2017F-PDF
24500|aÉvaluation et rapport de situation du COSEPAC sur le Morse de l’Atlantique Odobenus rosmarus rosmarus population du Haut-Arctique, population du centre de l’Arctique et du Bas-Arctique, population de la Nouvelle-Écosse, de Terre-Neuve et du golfe du Saint-Laurent au Canada |h[ressource électronique] / |cComité sur la situation des espèces en péril au Canada.
24610|aMorse de l’Atlantique Odobenus rosmarus rosmarus population du Haut-Arctique, population du centre de l’Arctique et du Bas-Arctique, population de la Nouvelle-Écosse, de Terre-Neuve et du golfe du Saint-Laurent au Canada
260 |aOttawa : |bEnvironnement et Changement climatique Canada, Service canadien de la faune, |c2017.
300 |axxiii, 103 p. : |bill., cartes, graphiques, photographies
500 |aTitre pris sur la couv.
500 |a« Population du Haut-Arctique - Preoccupante, population du centre de l’Arctique et du Bas-Arctique - Preoccupante, population de la Nouvelle-Écosse, de Terre-Neuve et du golfe du Saint-Laurent - Disparue 2017 » -- Couv.
500 |aPubl. aussi en anglais sous le titre : COSEWIC assessment and status report on the Atlantic walrus Odobenus rosmarus rosmarus High Arctic population, Central-Low Arctic population, Nova Scotia-Newfoundland-Gulf of St. Lawrence population in Canada.
504 |aComprend des réf. bibliogr.
520 |a« Le morse est un gros pinnipède grégaire dont les canines supérieures croissent en défenses et qui possède une moustache formée de vibrisses en forme d’aiguillons. Les nouveau-nés mesurent environ 120 cm de long et pèsent quelque 55 kg; les mâles atteignent environ 315 cm et 1 100 kg, et les femelles, approximativement 277 cm et 800 kg. Le morse de l’Atlantique (Odobenus rosmarus rosmarus [Linnaeus, 1758]) est l’une de deux sous-espèces existantes, l’autre étant le morse du Pacifique (O. r. divergens). Le morse de l’Atlantique est traditionnellement un produit important de l’économie de subsistance de l’est de l’Arctique canadien et du Groenland. La chasse a encore une grande importance sociale et culturelle, et la viande et l’ivoire du morse ont une valeur économique notable. Le morse est important puisqu’il s’agit de la seule espèce vivante de sa famille et d’un lien essentiel dans le réseau trophique de l’Arctique entre les mollusques bivalves et l’humain » -- Description et importance de l'espèce sauvage, p. v.
69207|2gccst|aAnimal aquatique
69207|2gccst|aEspèce menacée
69207|2gccst|aÉvaluation
7102 |aComité sur la situation des espèces en péril au Canada.
7101 |aCanada. |bEnvironnement et changement climatique Canada.
7102 |aService canadien de la faune.
77508|tCOSEWIC assessment and status report on the Atlantic walrus Odobenus rosmarus rosmarus High Arctic population, Central-Low Arctic population, Nova Scotia-Newfoundland-Gulf of St. Lawrence population in Canada |w(CaOODSP)9.840561
795 |tMise à jour évaluation et rapport de situation du COSEPAC sur le Morse de l'Atlantique Odobenus rosmarus rosmarus au Canada |w(CaOODSP)9.593179
85640|qPDF|s2.37 Mo|uhttps://publications.gc.ca/collections/collection_2018/eccc/CW69-14-461-2017-fra.pdf